000 00300nam a22001337a 4500
008 181205b xxu||||| |||| 00| 0 eng d
020 _a0071411841
041 _aeng
080 _a615.6
100 _a7
101 _aDER
245 _aDermatology In General Medicine
_cKatz.S.I
942 _2udc
_cBK
999 _c52901
_d52901